000
003150000a22001450004500
003
MACL
040
_a
MACL
090
_c
46138
_d
46136
100
_a
Loney, Sydney Luxton
245
_a
Plane Trigonomentry Part 1
260
_b
Arihant prakashan
_c
2011
350
_a
65
650
_a
Mathematics
942
_c
BOOK
_k
510
999
_c
45660
_d
45660